| 000 | 01193nmc a2200385 a 4500 | ||
|---|---|---|---|
| 003 | AR-BaBNM | ||
| 005 | 20251128204841.0 | ||
| 008 | 256019s1986 ||||||||||||||000 | spa|| | ||
| 020 | _a950-614-380-3 | ||
| 040 | _cAR-BaBNM | ||
| 100 | 1 | _aRamos, Jorge Abelardo | |
| 245 | 1 | 0 | _aRevolución y contrarrevolución en la Argentina |
| 260 |
_aBuenos Aires _bHyspamérica _c1986 |
||
| 300 | 0 | _a213 p. | |
| 490 | 0 |
_aBiblioteca argentina de historia y política _vv. 19 |
|
| 500 | 0 | _aNotas: p. 194-213 | |
| 600 | 1 | 4 | _aSan Martín, José de |
| 600 | 1 | 4 |
_aArtigas, José Gervasio _d1764-1850 |
| 600 | 1 | 4 |
_aRosas, Juan Manuel de _d1793-1877 |
| 600 | 1 | 4 |
_aDorrego, Manuel _d1787-1828 |
| 600 | 1 | 4 | _aQuiroga, Facundo |
| 600 | 1 | 4 | _aSarmiento, Domingo Faustino |
| 600 | 1 | 4 |
_aMitre, Bartolomé _d1821-1906 |
| 600 | 1 | 4 |
_aUrquiza, Justo José de _d1801-1870 |
| 600 | 1 | 4 | _aRivadavia, Bernardino |
| 650 | 4 | _aHISTORIA ARGENTINA | |
| 650 | 4 | _aCAUDILLOS ARGENTINOS | |
| 650 | 4 | _aMONTONERAS | |
| 650 | 4 | _aGUERRAS DE LA INDEPENDENCIA | |
| 650 | 4 | _aGUERRAS CIVILES ARGENTINAS | |
| 650 | 4 | _aCONFEDERACION ARGENTINA | |
| 800 | 1 |
_aCostantini, Pablo _edirector |
|
| 942 | _cBK | ||
| 998 | _cEnrique | ||
| 999 |
_c9044 _d9044 |
||